[Event "European Senior Teams 2012"]
[Site "Rogaska Slatina SLO"]
[Date "2012.04.01"]
[Round "6.7"]
[White "Huebner,W"]
[Black "Danner,G"]
[Result "1/2-1/2"]
[WhiteElo "2188"]
[BlackElo "2402"]

1.d4 Nf6 2.c4 e6 3.Nf3 Bb4+ 4.Bd2 Bxd2+ 5.Qxd2 b6 6.Nc3 Bb7 7.Qc2 O-O 8.e4 d6
9.Be2 Nbd7 10.O-O e5 11.d5 a5 12.a3 g6 13.Nd2 Ne8 14.b4 Ng7 15.Nb3 axb4 16.axb4 Qe7
17.Qd2 f5 18.Qe3 fxe4 19.Nxe4 Nf5 20.Qd3 Nf6 21.Nbd2 Nd4 22.Nxf6+ Qxf6 23.Ne4 Qe7
24.b5 Rxa1 25.Rxa1 Bc8 26.Bf1 Bf5 27.g3 Kg7 28.Bg2 h5 29.h4 Bg4 30.Ra2 Bf5
31.Qe3 Bxe4 32.Bxe4 Qf6 33.Kg2 Rf7 34.Qg5 Nb3 35.Qxf6+ Kxf6 36.f3 Nc5 37.Ra8 Kg7
38.Rc8 Nb3 39.Bd3 Nd2 40.Be2 Re7 41.Bd3 Rf7 42.Be2 Re7 43.Bd3 Rf7  1/2-1/2

[Event "Semana Santa LAB Open"]
[Site "Bogota COL"]
[Date "2012.04.04"]
[Round "2"]
[White "Torres,Ju2"]
[Black "Barrientos,S"]
[Result "1-0"]
[WhiteElo "2295"]
[BlackElo "2519"]

1.d4 Nf6 2.c4 e6 3.Nf3 Bb4+ 4.Bd2 a5 5.g3 b6 6.Bg2 Bb7 7.O-O O-O 8.Bg5 Be7
9.Nc3 Na6 10.a3 h6 11.Bd2 d5 12.cxd5 Nxd5 13.Qc2 c5 14.dxc5 Nxc5 15.Rfd1 Qc8
16.Nd4 Nxc3 17.Bxc3 Bxg2 18.Kxg2 Qb7+ 19.f3 Rfc8 20.Nb5 Qc6 21.a4 Na6 22.Rd4 Nb4
23.Qb3 Nd5 24.Rd3 Bg5 25.h4 Be7 26.Rad1 Bc5 27.Be1 f5 28.Nd4 Bxd4 29.Rxd4 Qc2
30.Qxc2 Rxc2 31.R1d2 Rac8 32.Rxc2 Rxc2 33.Rd2 Ne3+ 34.Kg1 Rc1 35.Kf2 Nd1+
36.Kf1 Ne3+ 37.Kf2 Nd5 38.Rd3 Rc2 39.b3 Kf7 40.Bd2 Rb2 41.Be3 Rc2 42.Bd4 g5
43.h5 f4 44.g4 Rc1 45.e4 fxe3+ 46.Bxe3 Rc2+ 47.Kg3 Re2 48.Bd2 Kf6 49.Bc3+ Nxc3
50.Rxc3 Rb2 51.Rc7 Rxb3 52.Rh7 e5 53.Rxh6+ Kf7 54.Kf2 Rb4 55.Ke3 Rxa4 56.Rxb6 Rf4
57.Rb5 e4 58.Rxg5 Rxf3+ 59.Kxe4 Ra3 60.Rf5+ Kg7 61.Kf4 a4 62.Kg5 Rc3 63.h6+ Kh7
64.Rf7+ Kg8 65.Ra7 a3 66.Kh5 Rb3 67.g5 a2 68.Ra8+ Kf7 69.g6+ Kf6 70.g7 Rb5+
71.Kg4 Rb4+ 72.Kf3 Rb3+ 73.Ke4 Rb4+ 74.Kd3 Rb3+ 75.Kc2 Rg3 76.Kb2  1-0

[Event "Semana Santa LAB Open"]
[Site "Bogota COL"]
[Date "2012.04.05"]
[Round "3"]
[White "Torres,Ju2"]
[Black "Pozo Vera,S"]
[Result "1/2-1/2"]
[WhiteElo "2295"]
[BlackElo "2483"]

1.d4 Nf6 2.c4 e6 3.Nf3 Bb4+ 4.Bd2 a5 5.g3 d6 6.Bg2 Nbd7 7.O-O e5 8.Bg5 exd4
9.Nxd4 h6 10.Bf4 O-O 11.a3 Bc5 12.b3 Ne5 13.Nc3 Re8 14.h3 c6 15.Nc2 Bf5 16.e4 Bg6
17.Be3 Ned7 18.f3 Bxe3+ 19.Nxe3 Qb6 20.Re1 Rad8 21.Kh2 Qc5 22.Qc1 Qh5 23.Ne2 Bh7
24.Qc3 Qe5 25.Red1 Nc5 26.b4 Na6 27.Rab1 axb4 28.axb4 Nc7 29.Qxe5 dxe5 30.c5 Na6
31.Rxd8 Rxd8 32.Nc4 Nd7 33.Na5 Rb8 34.Nc3 Kf8 35.Bf1 Nc7 36.Bc4 f5 37.exf5 Bxf5
38.Re1 g5 39.Ne4 Bxe4 40.fxe4 Ke7 41.Rf1 Ne6 42.Rf5 Nd8 43.h4 gxh4 44.gxh4 b6
45.cxb6 Rxb6 46.Rh5 Rxb4 47.Rxh6 Nf6 48.Rh8 Ra4 49.Rxd8 Kxd8 50.Nxc6+ Kc7
51.Nxe5 Kd6 52.Nf3 Rxc4 53.e5+ Ke6 54.exf6 Kxf6 55.Kg3  1/2-1/2

[Event "Pobeskydi Open 2012"]
[Site "Frydek Mistek CZE"]
[Date "2012.04.05"]
[Round "2"]
[White "Jaroch,P"]
[Black "Mikes,J"]
[Result "0-1"]
[WhiteElo "2252"]
[BlackElo "2029"]

1.d4 Nf6 2.c4 e6 3.Nf3 Bb4+ 4.Bd2 Qe7 5.g3 Bxd2+ 6.Qxd2 d6 7.Nc3 O-O 8.Bg2 h6
9.O-O Nbd7 10.e4 e5 11.d5 Nc5 12.Ne1 a5 13.b3 Nh7 14.Nd3 b6 15.f4 f6 16.f5 Bd7
17.h4 Rfb8 18.Bf3 Be8 19.Be2 Qf7 20.Nf2 g5 21.fxg6 Qxg6 22.Kh2 Bd7 23.Qd1 Rf8
24.Bh5 Qg7 25.g4 Kh8 26.Nh1 Rg8 27.Kh3 Nd3 28.Ng3 Nf4+ 29.Rxf4 exf4 30.Nf5 Bxf5
31.exf5 Rae8 32.Qd4 Re3+ 33.Kh2 Ng5 34.hxg5 Qxg5 35.Ne4 Qh4+ 36.Kg1 Rf8 37.Rf1 Rh3
38.Rxf4 Rh1+ 39.Kg2 Qh3+ 40.Kf2 Rf1+ 41.Ke2 Rxf4 42.Qe3 Qg2+ 43.Nf2 Rxf2+
44.Qxf2 Qxf2+ 45.Kxf2 Kg7 46.a4 c6 47.dxc6 Rc8 48.Ke3 Rxc6 49.Kd4 Rc5 50.Be8 Kf8
51.Bh5 Ke7 52.Bg6 Re5 53.Bh5 Kd7 54.Bf7 Re1 55.Bd5 Rd1+ 56.Ke3 Rb1 57.c5 dxc5
58.Be6+ Kd6 59.Ke4  0-1

[Event "Pobeskydi IM 2012"]
[Site "Frydek Mistek CZE"]
[Date "2012.04.05"]
[Round "4"]
[White "Svana,P"]
[Black "Vesselovsky,S"]
[Result "0-1"]
[WhiteElo "2274"]
[BlackElo "2364"]

1.d4 Nf6 2.c4 e6 3.Nf3 Bb4+ 4.Bd2 Qe7 5.g3 Nc6 6.Bg2 Bxd2+ 7.Nbxd2 d6 8.O-O a5
9.e4 e5 10.d5 Nb8 11.Ne1 h5 12.Nd3 h4 13.c5 hxg3 14.hxg3 dxc5 15.Nc4 b5 16.Ncxe5 c4
17.Nxc4 bxc4 18.Qa4+ Nbd7 19.e5 Ng4 20.e6 cxd3 21.Qxg4 O-O 22.d6 Qxe6 23.Qxe6 fxe6
24.Bxa8 cxd6 25.Bg2 Nc5 26.Rfd1 Ba6 27.b3 Rb8 28.Rab1 Kf7 29.f3 Rb4 30.Bf1 a4
31.Kf2 axb3 32.axb3 e5 33.Ke3 g5 34.Kd2 Rxb3 35.Rxb3 Nxb3+ 36.Ke3 Nc5 37.Rb1 Bc4
38.Rb6 Ke7 39.Bg2 Nb3 40.Rb7+ Kf6 41.Rh7 d2 42.Rh6+ Ke7 43.Rh7+ Kd8 44.Rh1 d5
45.Rd1 d4+ 46.Kf2 Bd3 47.Bf1 Bc2 48.Be2 Bxd1 49.Bxd1 Nc1 50.Bc2 Ke7 51.Kg2 Ne2  0-1

[Event "VIII Lubuska Wiosna Open"]
[Site "Gorzow Wielkopolski POL"]
[Date "2012.04.05"]
[Round "3"]
[White "Klim,K"]
[Black "Dragun,K"]
[Result "1/2-1/2"]
[WhiteElo "2369"]
[BlackElo "2425"]

1.d4 Nf6 2.Nf3 e6 3.c4 Bb4+ 4.Bd2 c5 5.Bxb4 cxb4 6.e3 O-O 7.Be2 b6 8.a3 Nc6
9.axb4 Nxb4 10.Nc3 Bb7 11.O-O Qe7 12.Na2 Nxa2 13.Rxa2 Ne4 14.Qd3 Rfc8 15.Nd2 Nxd2
16.Qxd2 Qg5 17.f3 e5 18.Rd1 d6 19.e4 Qxd2 20.Rxd2 exd4 21.Rxd4 Rd8 22.Ra3 Kf8
23.Rd1 Rd7 24.Kf2 Ke7 25.h4 Rc7 26.Rda1 Bc8 27.Ke3 Be6 28.Kd4 Bc8 29.Bd3 a6
30.Rb3 Rb8 31.Ke3 Rc5 32.Rba3 a5 33.Kd4 Rb7 34.Kc3 Kd8 35.b4 axb4+ 36.Kxb4 Kc7  1/2-1/2

[Event "16th Neckar Open"]
[Site "Deizisau GER"]
[Date "2012.04.06"]
[Round "2.17"]
[White "Farago,I"]
[Black "Studer,N"]
[Result "1/2-1/2"]
[WhiteElo "2500"]
[BlackElo "2199"]

1.d4 e6 2.c4 Nf6 3.Nf3 Bb4+ 4.Bd2 Qe7 5.g3 Nc6 6.Nc3 Bxc3 7.Bxc3 Ne4 8.Rc1 d6
9.d5 Nxc3 10.Rxc3 Nb8 11.dxe6 fxe6 12.Bg2 O-O 13.O-O Nd7 14.Ne1 e5 15.Nc2 a5
16.Ne3 Nc5 17.b3 Ne6 18.Qd2 Rb8 19.Nd5 Qd8 20.Re3 b6 21.Nc3 Kh8 22.Rd1 Bd7
23.a3 Qe8 24.b4 axb4 25.axb4 Rf6 26.Ne4 Rh6 27.c5 bxc5 28.bxc5 Nd4 29.cxd6 cxd6
30.Ng5 Qh5 31.h4 Rf6 32.Nf3 Nf5 33.Re4 Bc6 34.Rb4 Rxb4 35.Qxb4 Qe8 36.e4 Nh6
37.Ng5 Qf8 38.Qb6 Bd7 39.Qa7 Qc8 40.Rb1 Rf8 41.f3 Bc6 42.Bh3 Qa8 43.Qc7 d5
44.Rb6 Qa1+ 45.Kh2 Qa2+ 46.Bg2 dxe4 47.Rb8 Rxb8 48.Qxb8+ Qg8 49.Qxg8+  1/2-1/2

[Event "39th La Roda Open"]
[Site "La Roda ESP"]
[Date "2012.04.07"]
[Round "6"]
[White "Salgado Lopez,I"]
[Black "Fedorchuk,S"]
[Result "1/2-1/2"]
[WhiteElo "2621"]
[BlackElo "2634"]

1.Nf3 Nf6 2.d4 e6 3.c4 Bb4+ 4.Bd2 Qe7 5.g3 a5 6.Bg2 Bxd2+ 7.Qxd2 Qb4 8.Qxb4 axb4
9.Ne5 d5 10.Nd2 Ke7 11.O-O Bd7 12.Rfc1 Nc6 13.e3 Ra7 14.Nxd7 Kxd7 15.cxd5 exd5
16.Rc5 Rha8 17.Bxd5 Nxd5 18.Rxd5+ Kc8 19.Nc4 Rxa2 20.Rxa2 Rxa2 21.Rc5 Na7
22.Nb6+ Kd8 23.Rd5+ Ke8 24.Re5+ Kd8 25.Rd5+ Ke8  1/2-1/2

[Event "39th La Roda Open"]
[Site "La Roda ESP"]
[Date "2012.04.08"]
[Round "9"]
[White "Bacallao Alonso,Y"]
[Black "Fedorchuk,S"]
[Result "1/2-1/2"]
[WhiteElo "2550"]
[BlackElo "2634"]

1.d4 Nf6 2.Nf3 e6 3.c4 Bb4+ 4.Bd2 Bxd2+ 5.Qxd2 d5 6.Nc3 O-O 7.e3 Qe7 8.Rc1 Rd8
9.Qc2 dxc4 10.Bxc4 c5  1/2-1/2

[Event "Karposh Open 2012"]
[Site "Skopje MKD"]
[Date "2012.04.08"]
[Round "2.18"]
[White "Rusev,K"]
[Black "Vasovski,N"]
[Result "1-0"]
[WhiteElo "2516"]
[BlackElo "2279"]

1.d4 Nf6 2.c4 e6 3.Nf3 Bb4+ 4.Bd2 Qe7 5.Qc2 O-O 6.e4 d5 7.e5 Ne4 8.Bd3 Nxd2
9.Nbxd2 h6 10.O-O Bxd2 11.Qxd2 dxc4 12.Bxc4 Rd8 13.Qe3 Bd7 14.d5 exd5 15.Bxd5 Bc6
16.Bb3 Re8 17.Rfe1 Nd7 18.e6 fxe6 19.Nd4 Nc5 20.Nxc6 bxc6 21.Bc4 Rab8 22.Re2 Rb4
23.Rc1 a5 24.a3 Rb6 25.Ba2 Nb7 26.h3 Qf6 27.Rc3 Kh8 28.Qg3 Nd6 29.Bb1 Nf5
30.Bxf5 Qxf5 31.Kh2 e5 32.Rc5 Qb1 33.Rcxe5 Rxe5 34.Rxe5 Rxb2 35.Re7  1-0

[Event "Karposh Open 2012"]
[Site "Skopje MKD"]
[Date "2012.04.08"]
[Round "3.11"]
[White "Hera,I"]
[Black "Smith,Bry"]
[Result "1/2-1/2"]
[WhiteElo "2555"]
[BlackElo "2450"]

1.d4 Nf6 2.c4 e6 3.Nf3 Bb4+ 4.Bd2 c5 5.Bxb4 cxb4 6.g3 O-O 7.Bg2 d6 8.Nbd2 Nc6
9.Nf1 Bd7 10.Ne3 Ne7 11.O-O b5 12.c5 Bc6 13.Qd2 a5 14.Rfd1 Qd7  1/2-1/2

[Event "Karposh Open 2012"]
[Site "Skopje MKD"]
[Date "2012.04.08"]
[Round "3.43"]
[White "Dobrotka,M"]
[Black "Savoglou,N"]
[Result "1-0"]
[WhiteElo "2259"]
[BlackElo "2055"]

1.d4 Nf6 2.c4 e6 3.Nf3 Bb4+ 4.Bd2 Qe7 5.Qc2 Nc6 6.Nc3 d6 7.e3 O-O 8.a3 Bxc3
9.Bxc3 a5 10.Be2 e5 11.d5 Nb8 12.h3 Nfd7 13.g4 a4 14.Nd2 Na6 15.O-O-O Nac5
16.e4 Re8 17.Kb1  1-0

[Event "Karposh Open 2012"]
[Site "Skopje MKD"]
[Date "2012.04.09"]
[Round "4.2"]
[White "Georgiev,Ki"]
[Black "Bogdanovski,V"]
[Result "1-0"]
[WhiteElo "2671"]
[BlackElo "2435"]

1.d4 Nf6 2.c4 e6 3.Nf3 Bb4+ 4.Bd2 a5 5.Nc3 d6 6.Qc2 Nc6 7.a3 Bxc3 8.Bxc3 Qe7
9.e4 e5 10.d5 Nb8 11.Bd3 Nbd7 12.b4 axb4 13.axb4 Rxa1+ 14.Bxa1 O-O 15.O-O c5
16.Bc3 Qd8 17.Ra1 Qc7 18.Nd2 b6 19.Ra3 cxb4 20.Bxb4 Nc5 21.Qa2 Bd7 22.Ra7 Qb8
23.Bf1 h6 24.f3 Rd8 25.Qa3 Bc8 26.Nb1 Bd7 27.Nc3 Rc8 28.Kh1 g6 29.Bxc5 bxc5
30.Qa6 Kg7 31.Kg1 Qb2 32.Ne2 Qb8 33.Nc3 Qb2 34.Nb5 Bxb5 35.cxb5 Qd4+ 36.Kh1 Qd1
37.b6 c4 38.Rxf7+ Kxf7 39.Qb7+ Ke8 40.Qxc8+ Ke7 41.Qe6+ Kd8 42.Qxf6+ Kc8
43.Qe6+ Kb7 44.Qd7+  1-0

[Event "TCh-SUI National A 2012"]
[Site "Switzerland SUI"]
[Date "2012.04.15"]
[Round "2.4"]
[White "Almada,E"]
[Black "Danner,G"]
[Result "1-0"]
[WhiteElo "2352"]
[BlackElo "2402"]

1.d4 Nf6 2.c4 e6 3.Nf3 Bb4+ 4.Bd2 Bxd2+ 5.Qxd2 d6 6.Nc3 Nc6 7.g3 O-O 8.Bg2 e5
9.O-O Bg4 10.d5 Nb8 11.Ne1 a5 12.Nd3 Na6 13.h3 Bd7 14.e4 c6 15.dxc6 bxc6
16.c5 Nxc5 17.Nxc5 dxc5 18.Qd6 Qb8 19.Qxc5 Qb4 20.Qxe5 Rfe8 21.a3 Qxb2 22.Qc5 Qb8
23.Rab1 Qa7 24.Rb6 Reb8 25.Rfb1 Rxb6 26.Qxb6 Qxb6 27.Rxb6 Re8 28.Ra6 Re5
29.Ra8+ Ne8 30.Rd8 Re7 31.f4 g5 32.Ra8 gxf4 33.gxf4 Kg7 34.Rxa5 Nc7 35.Kf2 Nb5
36.Nxb5 cxb5 37.Ra7 f6 38.h4 Kf7 39.Bf3 Ke8 40.Ra8+ Kf7 41.Bh5+ Kg7 42.Ra7 Kf8
43.Rb7 Rxe4 44.Rxd7 Rxf4+ 45.Kg3 Ra4 46.Rxh7 Rxa3+ 47.Bf3 Rc3 48.Rb7 Rc5
49.Be2 Re5 50.Bf1 Re7 51.Rb8+ Kg7 52.Rxb5 Kh6 53.Rb6 Kg7 54.Kf4 Rc7 55.Bd3 Rd7
56.Be4 Rc7 57.Rb1 Kh6 58.Rd1 Re7 59.Rd8 Kg7 60.Bd5 Re5 61.Bb3 Rh5 62.Rg8+ Kh7
63.Rg4 Rc5 64.Be6 Rc1 65.Bd5 Rf1+ 66.Bf3 Rf2 67.h5 Rb2 68.Be4+ Kh8 69.Rg6 Rb5
70.Bf3 Rb6 71.Rg1 Rb5 72.Rd1 Re5 73.Rd8+ Kg7 74.Rd7+ Kg8 75.h6 Re1 76.Be4 Rf1+
77.Kg4 f5+ 78.Bxf5 Rg1+ 79.Kf4 Kh8 80.Ke5 Re1+ 81.Kf6 Re8 82.Rh7+ Kg8 83.Rf7 Kh8
84.Bg6 Rb8 85.Re7 Rf8+ 86.Kg5 Rd8 87.Bf5 Rg8+ 88.Kh5 Rf8 89.Bd7 Ra8 90.Bc6 Rg8
91.Be4 Rd8 92.Re6 Rg8 93.Bd5 Rd8 94.Re5 Kh7 95.Kg5 Rb8 96.Re7+ Kh8 97.Kg6 Rb6+
98.Be6 Rxe6+ 99.Rxe6  1-0

[Event "World Amateur Championship"]
[Site "Neos Marmaras GRE"]
[Date "2012.04.16"]
[Round "1"]
[White "Ruffenach,A"]
[Black "Bobke,L"]
[Result "1-0"]
[WhiteElo "1971"]
[BlackElo "1711"]

1.d4 e6 2.Nf3 Nf6 3.c4 Bb4+ 4.Bd2 Bxd2+ 5.Nbxd2 d6 6.e3 c5 7.Nb3 cxd4 8.exd4 Nc6
9.Be2 O-O 10.O-O b6 11.Rc1 Bb7 12.Re1 Rc8 13.a3 Ne7 14.Bd3 Ng6 15.Bxg6 hxg6
16.Nbd2 Rc7 17.b4 Qc8 18.Qb3 Qa8 19.c5 Rfc8 20.Qb2 dxc5 21.dxc5 bxc5 22.Qe5 Bxf3
23.Nxf3 Nd5 24.bxc5 Rxc5 25.Rxc5 Rxc5 26.h3 Qc8 27.Qd4 a6 28.Qd2 Rc2 29.Qg5 Nf6
30.Qe3 Rc3 31.Qa7 Rc7 32.Qd4 Rd7 33.Qa4 Rc7 34.Qf4 Rc4 35.Qg5 Rc2 36.Ne5 Qc5
37.Qe3 Qxe3 38.Rxe3 Nd5 39.Rb3 Rc1+ 40.Kh2 Kf8 41.Rb8+ Ke7 42.Ra8 Nc7 43.Ra7 f6
44.Nd3 Rc3 45.Nb4 Kd6 46.Nxa6 Nb5 47.Rxg7 Rxa3 48.Nb4 Rb3 49.Nc2 g5 50.Ne3 Nc3
51.Nc4+ Kd5 52.Rc7 Ne4 53.f3 Nc5 54.Nd2 Rb2 55.Rc8 Rb6 56.Nf1 Ke5 57.Rxc5+  1-0

[Event "14th Dubai Open 2012"]
[Site "Dubai UAE"]
[Date "2012.04.17"]
[Round "3.17"]
[White "Nisipeanu,LD"]
[Black "Labib,I"]
[Result "1-0"]
[WhiteElo "2643"]
[BlackElo "2404"]

1.d4 Nf6 2.c4 e6 3.Nf3 Bb4+ 4.Bd2 Qe7 5.g3 Nc6 6.Nc3 Bxc3 7.Bxc3 Ne4 8.Rc1 O-O
9.Bg2 d6 10.d5 Nd8 11.Nd2 Nxc3 12.Rxc3 e5 13.c5 f5 14.cxd6 cxd6 15.O-O Nf7
16.Qc2 Bd7 17.Rc1 Rfc8 18.Rxc8+ Rxc8 19.Qxc8+ Bxc8 20.Rxc8+ Nd8 21.e4 fxe4
22.Nxe4 g5 23.Bh3 Kg7 24.Bf5 h5 25.h3 Nf7 26.g4 h4 27.b4 b5 28.Rc6 a5 29.bxa5 Qa7
30.a6 Qd4 31.Rc7 Qd1+ 32.Kh2 Qxd5 33.a7 Qxa2 34.Be6 d5 35.Rxf7+ Kg6 36.Rd7  1-0

[Event "14th Dubai Open 2012"]
[Site "Dubai UAE"]
[Date "2012.04.18"]
[Round "4.14"]
[White "Sachdev,T"]
[Black "Amin,B"]
[Result "1/2-1/2"]
[WhiteElo "2414"]
[BlackElo "2608"]

1.d4 Nf6 2.c4 e6 3.Nf3 Bb4+ 4.Bd2 Bxd2+ 5.Qxd2 d6 6.Nc3 O-O 7.g3 Nc6 8.Bg2 e5
9.d5 Ne7 10.O-O Ng6 11.b4 h6 12.Qc2 Qe7 13.e4 Nh7 14.Qe2 Bd7 15.a3 f5 16.exf5 Rxf5
17.Ne4 Raf8 18.Nfd2 b6 19.c5 Nf6 20.cxd6 cxd6 21.Nxf6+ R5xf6 22.Ne4 R6f7
23.Rac1 Bf5 24.f3 Qd7 25.Qc4 Ne7 26.Rfd1 Rc8 27.Qb3 Rff8 28.Bf1 Bg6 29.Rc6 Bxe4
30.fxe4 Kh8 31.Rxc8 Qxc8 32.Qe3 Ng8 33.Rc1 Qd7 34.Be2 Nf6 35.Rf1 Kg8 36.Kg2 Qf7
37.Bf3 Qd7 38.Rc1 Rc8 39.Rc3 Kf7 40.Qc1 Rxc3 41.Qxc3 g5 42.Qc2 Ke7 43.Be2 Kd8
44.Bd3 Ng4 45.Qe2 Qc8 46.h3 Nf6 47.Qd2 Ke7 48.Qf2 Qc3 49.Qf5 Qd2+ 50.Kh1 Kf7
51.Bf1 Qe1 52.Kh2 Qxe4 53.Qe6+ Kg6 54.Bg2 Qf5 55.Qxd6 e4 56.Qc6 e3 57.Qc4 Qf2
58.Qd3+ Kg7 59.Qd4 Qd2 60.Qe5 Qf2 61.d6 Qd2 62.d7 Qxd7 63.Qxe3 Qc7  1/2-1/2

[Event "12th BCC Open"]
[Site "Bangkok THA"]
[Date "2012.04.19"]
[Round "9"]
[White "Liu,Chang"]
[Black "Venkatesh,M"]
[Result "1/2-1/2"]
[WhiteElo "2262"]
[BlackElo "2509"]

1.c4 Nf6 2.Nf3 e6 3.d4 Bb4+ 4.Bd2 a5 5.e3 b6 6.Be2 Bb7 7.O-O O-O 8.Nc3 d6
9.Rc1 Nbd7 10.a3 Bxc3 11.Bxc3 Ne4 12.Nd2 Qg5 13.Nxe4 Bxe4 14.g3 f5 15.d5 exd5
16.f3 d4 17.exd4 Qe3+ 18.Kg2 Bb7 19.Qd2 Qe7 20.Rce1 f4 21.Bd3 Qg5 22.Qe2 Nf6
23.Qe6+ Rf7 24.d5 Rf8  1/2-1/2

[Event "TCh-CZE Extraliga 2011-12"]
[Site "Czech Republic CZE"]
[Date "2012.04.20"]
[Round "9.2"]
[White "Studnicka,Toma"]
[Black "Stocek,J"]
[Result "1/2-1/2"]
[WhiteElo "2359"]
[BlackElo "2600"]

1.d4 Nf6 2.c4 e6 3.Nf3 Bb4+ 4.Bd2 c5 5.Bxb4 cxb4 6.g3 O-O 7.Bg2 d6 8.O-O Re8
9.a3 Nc6 10.axb4 Nxb4 11.Nc3 Bd7 12.Ne1 Qc7 13.b3 d5 14.Nd3 a5 15.Ne5 Bc6
16.Rc1 Rad8 17.Nxc6 bxc6 18.cxd5 exd5 19.Na4 h5 20.h4 g6 21.Nc5 Na2 22.Rc2 Nb4
23.Rc1 Qb6 24.e3 Na6 25.Qd3 Nxc5 26.Rxc5 Rd6 27.Ra1 Rb8 28.Ra3 Ng4 29.Bf3 Rf6
30.Bxg4 hxg4 31.Rcxa5 Qb4 32.Qe2 Kg7 33.R5a4 Qc3 34.b4 Qc1+ 35.Kg2 Rxb4 36.Rxb4 Qxa3
37.Rb2 Qa1 38.Ra2 Qb1 39.Qc2 Qb7 40.Rb2 Qd7 41.Rb6 Qc8 42.Qb1 Rd6 43.Rb8 Qc7
44.Qb4 Rd8 45.Rb7 Qd6 46.Qxd6 Rxd6 47.Kf1 Kf8 48.Rb8+ Ke7 49.h5 gxh5 50.Rh8 c5
51.dxc5 Rc6 52.Rxh5 Rxc5 53.Rg5 Rc4 54.Rxd5 Ke6 55.Rd8 f5 56.Kg2 Ra4 57.Rb8 Ke5
58.Rb2 Ke4 59.Rd2 Rb4 60.Rd8 Ke5 61.Re8+ Kf6 62.Kf1 Rb1+ 63.Kg2 Rb4 64.Rd8 Ke5
65.Kf1 Ra4 66.Ke2 Ra2+ 67.Rd2 Ra4 68.Kd3 Ra3+ 69.Kc4 Ra4+ 70.Kb5 Ra1 71.Kc6 Rc1+
72.Kd7 Rc4 73.Rb2 Rc5 74.Ra2 Rb5 75.Rd2 Rc5 76.Rd4 Rc1 77.Rf4 Rc2 78.Ke7 Rc7+
79.Ke8 Ke6 80.Kd8 Rc2 81.e4 fxe4 82.Rxe4+ Kf6 83.Rf4+ Ke6 84.Rxg4 Rxf2 85.Ke8 Rg2
86.Kf8 Kf5 87.Rg7 Ke4 88.g4  1/2-1/2

[Event "14th Dubai Open 2012"]
[Site "Dubai UAE"]
[Date "2012.04.21"]
[Round "6.4"]
[White "Gupta,Ab"]
[Black "Amin,B"]
[Result "1-0"]
[WhiteElo "2643"]
[BlackElo "2608"]

1.d4 Nf6 2.c4 e6 3.Nf3 Bb4+ 4.Bd2 Qe7 5.g3 Nc6 6.Nc3 O-O 7.Bg2 d6 8.O-O Bxc3
9.Bxc3 Ne4 10.Rc1 Nxc3 11.Rxc3 e5 12.d5 Nb8 13.Nd2 a5 14.c5 Na6 15.cxd6 cxd6
16.Nc4 Qd8 17.Qb3 Nc5 18.Qb6 Na4 19.Qxd6 Nxc3 20.bxc3 Qxd6 21.Nxd6 f6 22.c4 b6
23.Rb1 Ra6 24.Nxc8 Rxc8 25.d6 Rd8 26.Bb7 Ra7 27.Bd5+  1-0

[Event "14th Dubai Open 2012"]
[Site "Dubai UAE"]
[Date "2012.04.22"]
[Round "8.1"]
[White "Gupta,Ab"]
[Black "Miezis,N"]
[Result "1/2-1/2"]
[WhiteElo "2643"]
[BlackElo "2557"]

1.d4 Nf6 2.c4 e6 3.Nf3 Bb4+ 4.Bd2 c5 5.Bxb4 cxb4 6.Qd3 d6 7.e4 Nbd7 8.Be2 e5
9.O-O O-O 10.Nbd2 exd4 11.Nxd4 Nc5 12.Qc2 Re8 13.Bf3 Qb6 14.Rad1 Bd7 15.Rfe1 g6
16.Nf1 Re5 17.Ng3 Rae8 18.Re2 a6 19.b3 a5 20.h3 h5 21.h4 Qd8 22.Qd2 Nfxe4
23.Bxe4 Nxe4 24.Rxe4 Rxe4 25.Nxe4 Rxe4 26.Nf3 Bc6 27.Qxd6 Qxd6 28.Rxd6 Re2
29.Nd4 Rxa2 30.Nxc6 bxc6 31.Rxc6  1/2-1/2

[Event "Frauenbundesliga 2011-12"]
[Site "Germany GER"]
[Date "2012.04.22"]
[Round "10.2"]
[White "Girya,O"]
[Black "Vovk,Ok"]
[Result "1-0"]
[WhiteElo "2390"]
[BlackElo "2212"]

1.d4 Nf6 2.Nf3 e6 3.c4 Bb4+ 4.Bd2 Qe7 5.g3 Nc6 6.Nc3 Bxc3 7.Bxc3 Ne4 8.Rc1 d6
9.d5 Nxc3 10.Rxc3 Nb8 11.dxe6 fxe6 12.Bg2 O-O 13.O-O Nd7 14.Nd4 Nf6 15.c5 dxc5
16.Nb3 Rd8 17.Qc2 Nd5 18.Rxc5 c6 19.Rc4 e5 20.Rh4 Nf6 21.Nc5 Be6 22.Ne4 h6
23.a3 Bd5 24.Nxf6+ Qxf6 25.Rb4 Bxg2 26.Kxg2 Rd7 27.Rd1 Rad8 28.Qb3+ Qf7 29.Rxb7 Qxb3
30.Rdxd7 Qc4 31.Rxd8+ Kh7 32.h4 Qe4+ 33.Kg1 Qxe2 34.Rdd7 Qe1+ 35.Kg2 Kg6
36.Rxg7+ Kh5 37.Rbf7 Qe4+ 38.Kh2 a5 39.Rf6 a4 40.g4+  1-0

[Event "14th Dubai Open 2012"]
[Site "Dubai UAE"]
[Date "2012.04.23"]
[Round "9.12"]
[White "Volkov,Sergey1"]
[Black "Lalith,B"]
[Result "1-0"]
[WhiteElo "2623"]
[BlackElo "2532"]

1.d4 Nf6 2.c4 e6 3.Nf3 Bb4+ 4.Bd2 c5 5.e3 Bxd2+ 6.Qxd2 d6 7.Nc3 O-O 8.Be2 b6
9.Rd1 Qe7 10.dxc5 dxc5 11.e4 e5 12.Nd5 Nxd5 13.cxd5 Bg4 14.Qg5 Qxg5 15.Nxg5 Bxe2
16.Kxe2 Nd7 17.Nf3 Rfd8 18.Nd2 Nf6 19.f3 Ne8 20.Nc4 f6 21.a4 Kf7 22.Rb1 Rac8
23.Rhc1 Ke7 24.Rc3 Nd6 25.b3 Rc7 26.Ke3 Kd7 27.g3 Re8 28.Rbc1 Rb7 29.R3c2 a5
30.h4 Rbb8 31.h5 Re7 32.Kd3 Ree8 33.Ra2 Rb7 34.Re1 Kc7 35.f4 Rbb8 36.h6 gxh6
37.Rf2 Rbd8 38.fxe5 fxe5 39.Rh1 Rg8 40.Rf3 Rg4 41.Rh4 Rxh4 42.gxh4 Rg8 43.Nxd6 Kxd6
44.Rf6+ Kc7 45.Re6  1-0

[Event "Historical Melaka Op"]
[Site "Melaka MAS"]
[Date "2012.04.26"]
[Round "6"]
[White "Camilia,Bt. Johari"]
[Black "Nayan,A"]
[Result "0-1"]
[WhiteElo "1780"]
[BlackElo "2072"]

1.d4 Nf6 2.Nf3 e6 3.c4 Bb4+ 4.Bd2 Qe7 5.Nc3 O-O 6.e3 d6 7.Bd3 e5 8.dxe5 dxe5
9.Ne4 Nxe4 10.Bxe4 c6 11.O-O Bd6 12.h3 f5 13.Bc2 Be6 14.Qe2 c5 15.Bc3 Nc6
16.Rad1 Rad8 17.Rfe1 e4 18.Nd2 Qh4 19.Nf1 Bf7 20.Nh2 Bh5 21.f3 g5 22.Rd5 Ne7
23.Rd2 g4 24.Red1 Bxh2+ 25.Kxh2 gxf3 26.gxf3 Bxf3 27.Rg1+ Ng6 28.Qf2 Rxd2
29.Qxd2 Rd8 30.Qe1 Qxe1 31.Rxe1 Kf7 32.a3 Ke6 33.Rg1 Be2 34.b3 Bd3 35.Bd1 b5
36.Bh5 Ne5 37.cxb5 Bxb5 38.a4 Bc6 39.Rg7 Rd7 40.Rxd7 Bxd7 41.Kg3 Nd3 42.Be2 Ne5
43.a5 Bc6 44.Kf4 Ng6+ 45.Kg5 Bd5 46.Bd1 Ne5 47.Kh6 Nd3 48.h4 Nf2 49.Be2 Ng4+
50.Bxg4 fxg4 51.Be1 Kf6 52.b4 cxb4 53.Bxb4 g3 54.Be1 g2 55.Bf2 Bg8 56.h5 a6
57.Bg1 Bf7 58.Kxh7 Bxh5 59.Kh6 Bg6 60.Bh2 Kf5 61.Bg1 Be8 62.Kg7 Kg4 63.Kf6 Kf3
64.Ke5 Bb5 65.Kf5 Bd3  0-1

[Event "TCh-SUI National A 2012"]
[Site "Switzerland SUI"]
[Date "2012.04.29"]
[Round "3.7"]
[White "Lutz,B"]
[Black "Gantner,M"]
[Result "1/2-1/2"]
[WhiteElo "2325"]
[BlackElo "2298"]

1.d4 Nf6 2.c4 e6 3.Nf3 Bb4+ 4.Bd2 a5 5.g3 Nc6 6.Bg2 d6 7.O-O Bxd2 8.Qxd2 O-O
9.Nc3 Ne7 10.Qc2 b6 11.Nh4 Rb8 12.a3 Ba6 13.b3 d5 14.cxd5 Nexd5 15.Nxd5 exd5
16.Rfc1 c6 17.Nf3 Rc8 18.e3 Qe7 19.Qf5 Rfe8 20.g4 g6 21.Qf4 Bb7 22.h3 Ne4
23.Rc2 c5 24.Rac1 a4 25.bxa4 c4 26.Rb1 Bc6 27.Rb4 f6 28.Nd2 Nxd2 29.Rxd2 Kg7
30.e4 dxe4 31.Rxc4 Qxa3 32.d5 Bxa4 33.Rxc8 Rxc8 34.d6 Qa1+ 35.Kh2 Qe5 36.Qxe5 fxe5
37.Bxe4 Kf6 38.d7 Rd8 39.Rd6+ Ke7 40.Rxb6 Rxd7 41.Kg3 Bd1 42.Kh4 Kf8 43.Kg5 Kg7
44.Re6 Rf7 45.Rxe5 Rxf2 46.Re7+ Rf7 47.Rxf7+ Kxf7 48.Kh6 Kg8 49.Bxg6 hxg6
50.Kxg6 Be2 51.g5  1/2-1/2

[Event "8th World Schools U17"]
[Site "Iasi ROU"]
[Date "2012.04.30"]
[Round "3.5"]
[White "Munteanu,A"]
[Black "Masruri,R"]
[Result "0-1"]
[WhiteElo "1916"]
[BlackElo "2081"]

1.d4 Nf6 2.c4 e6 3.Nf3 Bb4+ 4.Bd2 Qe7 5.g3 Bxd2+ 6.Nbxd2 d6 7.Bg2 e5 8.e4 O-O
9.O-O a5 10.Qc2 Nc6 11.d5 Nb8 12.Ne1 c6 13.Nd3 cxd5 14.cxd5 Bd7 15.a4 b5
16.axb5 Bxb5 17.Qb3 Bxd3 18.Qxd3 Nbd7 19.Ra2 Nc5 20.Qe2 a4 21.Re1 Rfb8 22.f4 Rb4
23.fxe5 Qxe5 24.Nf3 Qxe4 25.Qd2 Qc4 26.Rc1 Qxa2 27.Qxb4 Qb3 28.Qd4 Rb8 29.Nd2 Qd3
30.Qf4 Rxb2 31.Qxd6 Qe3+ 32.Kh1 Rxd2 33.Qb8+ Ne8  0-1

[Event "Nakhchivan Open 2012"]
[Site "Nakhchivan AZE"]
[Date "2012.04.30"]
[Round "3.7"]
[White "Esen,B"]
[Black "Filippov,An UZB"]
[Result "1-0"]
[WhiteElo "2555"]
[BlackElo "2637"]

1.d4 Nf6 2.c4 e6 3.Nf3 Bb4+ 4.Bd2 a5 5.Nc3 d6 6.Qc2 Nbd7 7.e4 e5 8.O-O-O O-O
9.h3 Re8 10.Bd3 exd4 11.Nxd4 Nc5 12.Rhe1 Nfd7 13.Re3 Nxd3+ 14.Qxd3 Ne5 15.Qe2 Bc5
16.Be1 Be6 17.b3 a4 18.Nxa4 Bxc4 19.Qc2 Bxd4 20.Rxd4 b5 21.Nc3 c5 22.Rd1 b4
23.bxc4 bxc3 24.Bxc3 Qg5 25.Bxe5 Qxe5 26.a3 Rab8 27.g3 Qa1+ 28.Kd2 Qf6 29.Kc1 h5
30.h4 Qa1+ 31.Kd2 Qf6 32.Kc1 Rb6 33.f4 Qe7 34.Rdd3 Qb7 35.Rb3 g6 36.Rxb6 Qxb6
37.e5 dxe5 38.Rxe5 Rb8 39.Re3 Qb7 40.Rd3 Qh1+ 41.Qd1 Qa8 42.f5 Qa5 43.fxg6 fxg6
44.Rb3 Rd8 45.Rd3 Rb8 46.Rb3 Rd8 47.Qe2 Qa6 48.Re3 Rf8 49.Kb2 Qf6+ 50.Ka2 Qd4
51.Re8 Rxe8 52.Qxe8+ Kg7 53.Qe7+ Kg8 54.Qe8+ Kg7 55.Qe2 Kh7 56.Kb3 Qd6 57.Qf3 Qb6+
58.Kc2 Qa7 59.Qb3 Qf7 60.Qc3 Qb7 61.a4 Qg2+ 62.Kb3 Qb7+ 63.Ka3 Qb6 64.Qd2 Qc7
65.Qc3 Qb6 66.a5 Qa6 67.Ka4 Qc6+ 68.Kb3 Qb7+ 69.Kc2 Qa6 70.Kd3 Qd6+ 71.Ke2 Qe6+
72.Kf2 Qa6 73.Kg1 Qb7 74.Qc2 Qf3 75.Kh2 Qa3 76.Qd2 Kg7 77.Qd7+ Kf6 78.Qc6+ Ke7
79.a6 g5 80.hxg5 h4 81.Qe4+ Kf8 82.Qf5+ Kg8 83.Qe6+ Kg7 84.Qf6+ Kg8 85.gxh4 Qa2+
86.Kg3 Qa3+ 87.Kf4 Qc1+ 88.Ke5 Qe1+ 89.Kd6 Qa5 90.Kd5 Qd2+ 91.Kc6 Qg2+ 92.Kc7 Qh2+
93.Qd6 Qa2 94.Qe6+ Kg7 95.g6 Kh6 96.Kb7 Qb3+ 97.Kc8 Qf3 98.Kc7 Qg3+ 99.Qd6 Qa3
100.h5 Qa5+ 101.Kc8 Qa1 102.a7 Qxa7 103.g7+ Kxh5 104.g8=Q Qa8+ 105.Qb8 Qc6+
106.Kd8 Qf6+ 107.Kc7 Qf4+  1-0